| 000 -LEADER |
| fixed length control field |
00341nam a2200157Ia 4500 |
| 003 - CONTROL NUMBER IDENTIFIER |
| control field |
OSt |
| 005 - DATE AND TIME OF LATEST TRANSACTION |
| control field |
20260326155321.0 |
| 008 - FIXED-LENGTH DATA ELEMENTS--GENERAL INFORMATION |
| fixed length control field |
260210s9999 xx 000 0 und d |
| 020 ## - INTERNATIONAL STANDARD BOOK NUMBER |
| International Standard Book Number |
9788499362281 |
| 082 ## - DEWEY DECIMAL CLASSIFICATION NUMBER |
| Classification number |
747 |
| 100 ## - MAIN ENTRY--PERSONAL NAME |
| Personal name |
Benitez |
| 245 #0 - TITLE STATEMENT |
| Title |
Exclusive Interiors |
| 260 ## - PUBLICATION, DISTRIBUTION, ETC. (IMPRINT) |
| Name of publisher, distributor, etc |
FKG |
| Date of publication, distribution, etc |
2019 |
| 300 ## - PHYSICAL DESCRIPTION |
| Extent |
492 pages |
| 942 ## - ADDED ENTRY ELEMENTS (KOHA) |
| Item type |
B.Design |
| Source of classification or shelving scheme |
|